McDonald's Countries Quiz Stats

 Plays Quiz Updated Jun 25, 2014

Support Sporcle.
Go Orange.
Score 0/27 Timer 03:00
2 Plays Today
# of Restaurants Country % Correct
14,157United States
99.7%
1,940China
96.5%
1,258France
94.5%
1,417Canada
94.4%
1,208United Kingdom
94%
1,440Germany
93.6%
3,279Japan
93%
356Russia
91.1%
439Spain
89.5%
731Brazil
88.7%
456Italy
87.3%
896Australia
84.5%
402Mexico
84.2%
300India
82%
# of Restaurants Country % Correct
209Argentina
73.4%
227Sweden
68.9%
301Poland
66.7%
177South Africa
65.2%
292South Korea
61.9%
206Turkey
60.5%
184Austria
54.5%
231Netherlands
52.7%
180Thailand
49.6%
376Philippines
43.6%
387Taiwan
37.3%
245Malaysia
34.4%
172Israel
33%

You're not logged in!

Compare scores with friends on all Sporcle quizzes.
OR
Log In

From the Vault

Sunday Crossword: Noah's Ark

by strokes_static

Gotta catch 'em all? Noah did it. Twice.
Remove Ads.
Support Sporcle.
Get the best of Sporcle when you Go Orange. This ad-free experience offers more features, more stats, and more fun while also helping to support Sporcle. Thank you for becoming a member.

Show Comments

Extras

Top Quizzes Today


Score Distribution

Your Account Isn't Verified!

In order to create a playlist on Sporcle, you need to verify the email address you used during registration. Go to your Sporcle Settings to finish the process.

Report this User

Report this user for behavior that violates our Community Guidelines.

Details: